Cold damage to rubber tree in northern Vietnam in early 2008 (Record no. 55829)

MARC details
000 -LEADER
fixed length control field 00414nam a2200121Ia 4500
100 ## - MAIN ENTRY--AUTHOR NAME
Personal name Tuy Le Mau
245 #0 - TITLE STATEMENT
Title Cold damage to rubber tree in northern Vietnam in early 2008
260 ## - PUBLICATION, DISTRIBUTION, ETC. (IMPRINT)
Name of publisher IRRI-IRRDB International Rubber Conference 2009, 26-27 October 2009, Bogor, Indonesia, Paper 2.
Year of publication 2009
700 ## - ADDED ENTRY--PERSONAL NAME
Personal name Minh Tran Dinh
700 ## - ADDED ENTRY--PERSONAL NAME
Personal name Truong Tuy Vu Van
942 ## - ADDED ENTRY ELEMENTS (KOHA)
Koha item type Journals
Holdings
Withdrawn status Lost status Damaged status Not for loan Home library Current library Shelving location Date acquired Koha item type
      Journals RRII Library RRII Library Climate change 01/12/2009 Journals